Pluriels des noms en français - Statistiques

Statistiques générales
  • Ce quiz a été pris 246 fois
  • Le résultat moyen est 18 sur 20
Statistiques - réponses
Question Réponse % Correct
Cercueil Cercueils
100%
Château Châteaux
100%
Épouvantail Épouvantails
100%
Peau Peaux
100%
Tapis Tapis
100%
Vœu Vœux
100%
Bocal Bocaux
95%
Gaz Gaz
95%
Noix Noix
95%
Tuyau Tuyaux
95%
Œil Yeux
95%
Genou Genoux
90%
Corail Coraux
86%
Serval Servals
86%
Verrou Verrous
86%
Festival Festivals
81%
Kiwi Kiwis
76%
Bœuf Bœufs
71%
Émeu Émeus
67%
Landau Landaus
33%
Aucun quiz correspondant
Distribution des résultats
% des personnes avec chaque résultat
Percentile par nombre de réponses
Votre historique - résultats
Vous n’avez pas pris ce quiz